[Event "4. Memorial Oliver Gonzalez 2015"]
[Site "Madrid ESP"]
[Date "2015.10.10"]
[Round "1.28"]
[White "Stillger, Bernhard"]
[Black "Salsac, Eric"]
[Result "1-0"]
[WhiteElo "2279"]
[BlackElo "1929"]
[PlyCount "105"]
[EventDate "2015.10.10"]
[EventType "swiss"]
[EventRounds "9"]
[EventCountry "ESP"]
[Source "lmi"]
[SourceDate "2015.10.10"]

1. Nf3 Nf6 2. c4 c5 3. Nc3 Nc6 4. g3 g6 5. Bg2 Bg7 6. O-O O-O 7. d4 cxd4 8.
Nxd4 Nxd4 9. Qxd4 d6 10. Qd3 Rb8 11. Be3 b6 12. Bd4 Bb7 13. e4 Qd7 14. Rad1
Rfd8 15. Rfe1 Rbc8 16. b3 Bc6 17. a4 Qb7 18. Nd5 Ne8 19. Qe3 Rd7 20. Nb4 Be5
21. f4 Rcd8 22. Nd5 Bxd4 23. Rxd4 Ng7 24. Bh3 Ne6 25. Rd2 Rf8 26. f5 gxf5 27.
exf5 Bxd5 28. Rxd5 Ng7 29. f6 exf6 30. Bxd7 Qxd7 31. Qe7 Rd8 32. Qxf6 Re8 33.
Rxe8+ Qxe8 34. Rxd6 Qe1+ 35. Qf1 Qe3+ 36. Qf2 Qe7 37. Rd5 Ne6 38. Qe3 Qf6 39.
h4 Kf8 40. Kh2 Nc5 41. Rxc5 Qb2+ 42. Kh3 bxc5 43. Qxc5+ Kg7 44. Qxa7 Qe5 45.
Qf2 Qe6+ 46. Kh2 Qc6 47. c5 Qb7 48. Qb2+ f6 49. b4 Qc6 50. b5 Qxc5 51. b6 Qc8
52. b7 Qb8 53. a5 1-0

[Event "4. Memorial Oliver Gonzalez 2015"]
[Site "Madrid ESP"]
[Date "2015.10.10"]
[Round "1.29"]
[White "Garcia Serrano, Jose M"]
[Black "Rodriguez Lopez, Rafael"]
[Result "0-1"]
[WhiteElo "1909"]
[BlackElo "2275"]
[PlyCount "110"]
[EventDate "2015.10.10"]
[EventType "swiss"]
[EventRounds "9"]
[EventCountry "ESP"]
[Source "lmi"]
[SourceDate "2015.10.10"]

1. e4 c5 2. d4 cxd4 3. c3 Nf6 4. e5 Nd5 5. cxd4 d6 6. Nf3 Nc6 7. Be2 g6 8. exd6
Qxd6 9. Nc3 Bg7 10. O-O O-O 11. Bg5 h6 12. Bh4 Nf4 13. Bg3 Bg4 14. d5 Nxe2+ 15.
Qxe2 Nd4 16. Qc4 Qb6 17. Na4 Qb5 18. Qxb5 Nxb5 19. Rfe1 Rfe8 20. Rac1 Bxf3 21.
gxf3 Rad8 22. Rc5 a6 23. Nc3 Bd4 24. Rc4 Bxc3 25. bxc3 Rxd5 26. a4 Nd6 27. Rc7
Nf5 28. Rxb7 Rc8 29. Rb6 Ra5 30. Re4 f6 31. Rb8 Rac5 32. Rxc8+ Rxc8 33. c4 g5
34. Re6 a5 35. Ra6 Rxc4 36. Rxa5 e5 37. Ra7 h5 38. h3 h4 39. Bh2 Rc1+ 40. Kg2
Ra1 41. a5 Nd4 42. Bg1 Ne6 43. Bh2 Nc5 44. f4 exf4 45. Kf3 f5 46. Bxf4 Ra3+ 47.
Be3 f4 48. Kg4 fxe3 49. fxe3 Ne6 50. e4 Rg3+ 51. Kf5 g4 52. Kxe6 gxh3 53. Rc7
h2 54. Rc8+ Kg7 55. Rc7+ Kg6 0-1

[Event "4. Memorial Oliver Gonzalez 2015"]
[Site "Madrid ESP"]
[Date "2015.10.10"]
[Round "1.30"]
[White "Mueller-Seps, Monika"]
[Black "Subirats Cuntin, Salvador"]
[Result "1-0"]
[WhiteElo "2266"]
[BlackElo "1862"]
[PlyCount "106"]
[EventDate "2015.10.10"]
[EventType "swiss"]
[EventRounds "9"]
[EventCountry "ESP"]
[Source "lmi"]
[SourceDate "2015.10.10"]

1. d4 Nf6 2. Nf3 d5 3. Bf4 e6 4. e3 c5 5. c3 a6 6. Nbd2 Nc6 7. Bd3 Be7 8. O-O
O-O 9. Ne5 Nxe5 10. Bxe5 Bd6 11. Bxf6 Qxf6 12. f4 b5 13. Nf3 h6 14. g4 Qe7 15.
g5 f5 16. Rf2 hxg5 17. Nxg5 Rf6 18. Rg2 Rh6 19. Qf3 Bb7 20. Qg3 Rf8 21. Be2
Rff6 22. Bf3 c4 23. Kh1 b4 24. Rag1 Rfg6 25. Qf2 Rh8 26. Rg3 Rgh6 27. R1g2 Kf8
28. Qc2 Bc6 29. b3 Bb5 30. bxc4 Bxc4 31. Be2 bxc3 32. Bxc4 dxc4 33. d5 exd5 34.
Qxf5+ Ke8 35. Qc8+ Qd8 36. Qc6+ Qd7 37. Qxd5 Be7 38. Qxd7+ Kxd7 39. Ne4 Bf6 40.
Rc2 Rh3 41. Nxf6+ gxf6 42. Rxh3 Rxh3 43. Rxc3 Rh5 44. Rxc4 Ra5 45. a4 Ke6 46.
Kg2 Kf5 47. Kf3 Kg6 48. e4 f5 49. e5 Kf7 50. Ke3 Rd5 51. Rc6 Ra5 52. Rc4 Rd5
53. h4 Kg7 1-0

[Event "4. Memorial Oliver Gonzalez 2015"]
[Site "Madrid ESP"]
[Date "2015.10.10"]
[Round "1.31"]
[White "Baeza Escudero, Javier"]
[Black "Siebarth, Raiko"]
[Result "0-1"]
[WhiteElo "1837"]
[BlackElo "2264"]
[PlyCount "82"]
[EventDate "2015.10.10"]
[EventType "swiss"]
[EventRounds "9"]
[EventCountry "ESP"]
[Source "lmi"]
[SourceDate "2015.10.10"]

1. d4 Nf6 2. Nf3 g6 3. g3 Bg7 4. Bg2 O-O 5. c4 d6 6. Nc3 Nc6 7. O-O a6 8. Qd3
Bg4 9. h3 Bxf3 10. exf3 Nd7 11. Be3 e5 12. d5 Ne7 13. Rab1 a5 14. Rfe1 Nf5 15.
Ne4 Nxe3 16. Qxe3 f5 17. Ng5 Bh6 18. f4 Bxg5 19. fxg5 f4 20. gxf4 Rxf4 21. Qg3
Rxc4 22. h4 Qf8 23. Re4 Rxe4 24. Bxe4 Nc5 25. Bc2 Qf7 26. Rd1 Rf8 27. Kg2 Qf4
28. b3 Kg7 29. a3 Nd7 30. Qxf4 Rxf4 31. Kg3 Nb6 32. Rd3 h6 33. Bd1 hxg5 34.
hxg5 Kf7 35. Bg4 Ke7 36. Be6 c6 37. Bg8 Rf5 38. Kg4 e4 39. Rd4 cxd5 40. Rd2 Kf8
41. Be6 Re5 0-1

[Event "4. Memorial Oliver Gonzalez 2015"]
[Site "Madrid ESP"]
[Date "2015.10.10"]
[Round "1.32"]
[White "Prosviriakov, Vladimir"]
[Black "Guillo Longares, Cecilia"]
[Result "1-0"]
[WhiteElo "2234"]
[BlackElo "1809"]
[PlyCount "59"]
[EventDate "2015.10.10"]
[EventType "swiss"]
[EventRounds "9"]
[EventCountry "ESP"]
[Source "lmi"]
[SourceDate "2015.10.10"]

1. e4 c5 2. Nc3 Nc6 3. Bb5 g6 4. Bxc6 dxc6 5. f4 Bg7 6. Nf3 Bg4 7. d3 Nf6 8.
O-O O-O 9. Qe1 Bxf3 10. Rxf3 b5 11. Qh4 Nh5 12. e5 Bh8 13. Be3 c4 14. g4 Ng7
15. Qh6 f6 16. f5 Qe8 17. e6 gxf5 18. gxf5 Qh5 19. Qxh5 Nxh5 20. Kf2 Ng7 21.
Bh6 cxd3 22. cxd3 Rfd8 23. Rg1 b4 24. Ne4 Rd5 25. Rfg3 Rxf5+ 26. Ke3 Rg5 27.
Nxg5 Nf5+ 28. Kd2 Nxg3 29. Nf7 Bg7 30. Rxg3 1-0

[Event "4. Memorial Oliver Gonzalez 2015"]
[Site "Madrid ESP"]
[Date "2015.10.11"]
[Round "2.1"]
[White "Martin Duque, Jesus"]
[Black "Grigoryan, Karen H"]
[Result "0-1"]
[WhiteElo "2382"]
[BlackElo "2600"]
[PlyCount "146"]
[EventDate "2015.10.10"]
[EventType "swiss"]
[EventRounds "9"]
[EventCountry "ESP"]
[Source "lmi"]
[SourceDate "2015.10.10"]

1. e4 e5 2. Nf3 Nc6 3. Bc4 Nf6 4. d3 Bc5 5. c3 O-O 6. O-O d5 7. exd5 Nxd5 8.
Re1 Bg4 9. Nbd2 Nb6 10. b4 Bd6 11. Bb3 Kh8 12. Qc2 f6 13. a3 a5 14. Bb2 Be7 15.
Qb1 Qd7 16. Bc2 Nd5 17. b5 Na7 18. d4 Nf4 19. c4 exd4 20. Nxd4 Bc5 21. N2b3
Bxd4 22. Nxd4 Rae8 23. Re3 c5 24. bxc6 Nxc6 25. Bf5 Bxf5 26. Qxf5 Qxf5 27. Nxf5
Rd8 28. Bc3 Rfe8 29. Rxe8+ Rxe8 30. Kf1 Rd8 31. g3 Ne6 32. Re1 Nc5 33. Ne3 Ne4
34. Nd5 Nxc3 35. Nxc3 Ne5 36. c5 Nd3 37. Rb1 Nxc5 38. Rb5 Rc8 39. Rxa5 h6 40.
Rb5 Nd3 41. Ne4 Rc2 42. Rd5 Ne5 43. Rd2 Rc1+ 44. Kg2 Nc4 45. Rd3 Rc2 46. Rd8+
Kh7 47. Rd7 Kg6 48. Rxb7 f5 49. Nc5 Ne3+ 50. Kf3 Ng4 51. Nd3 Nxh2+ 52. Kg2 Ng4
53. Rb2 Rc3 54. Nf4+ Kh7 55. Ra2 Rc5 56. a4 Ra5 57. Nd3 Nf6 58. f3 Nd5 59. Ra3
Ne3+ 60. Kf2 Nc4 61. Ra2 g5 62. Ke2 h5 63. Kd1 Nb6 64. Nb2 h4 65. gxh4 gxh4 66.
Ke2 Nd5 67. Ra1 Rc5 68. Kd2 Nb4 69. Nd1 Rc2+ 70. Ke3 h3 71. Kf4 h2 72. Ne3 Nd3+
73. Kg3 Rc1 0-1

[Event "4. Memorial Oliver Gonzalez 2015"]
[Site "Madrid ESP"]
[Date "2015.10.11"]
[Round "2.2"]
[White "Arribas Lopez, Angel"]
[Black "Sorm, Daniel"]
[Result "1-0"]
[WhiteElo "2536"]
[BlackElo "2354"]
[PlyCount "84"]
[EventDate "2015.10.10"]
[EventType "swiss"]
[EventRounds "9"]
[EventCountry "ESP"]
[Source "lmi"]
[SourceDate "2015.10.10"]

1. e4 c5 2. Nf3 Nc6 3. Nc3 d6 4. d4 cxd4 5. Nxd4 Nf6 6. Nb3 g6 7. Bc4 Bg7 8.
O-O O-O 9. Re1 Na5 10. Bf1 Nxb3 11. axb3 b6 12. g3 Bb7 13. Bg2 Qc8 14. Ra4 Qb8
15. Bg5 b5 16. Ra2 a6 17. Nd5 Re8 18. c3 Bxd5 19. exd5 b4 20. Ra4 a5 21. cxb4
axb4 22. Bd2 Rxa4 23. bxa4 Qb7 24. Qb3 Nd7 25. Qxb4 Qxb4 26. Bxb4 Rb8 27. Ba5
Bxb2 28. Rxe7 Nb6 29. Re2 Nc4 30. Be1 Ra8 31. a5 Ba3 32. Ra2 Bc5 33. Bf1 Nb6
34. Bb5 Ra7 35. Bc6 Nc4 36. a6 Re7 37. Bc3 Ba7 38. Bf6 Re4 39. Bb5 h6 40. Rc2
Nb6 41. Rc7 Re1+ 42. Kg2 Rb1 1-0

[Event "4. Memorial Oliver Gonzalez 2015"]
[Site "Madrid ESP"]
[Date "2015.10.11"]
[Round "2.3"]
[White "Martin Rueda, Daniel"]
[Black "Ulybin, Mikhail"]
[Result "0-1"]
[WhiteElo "2314"]
[BlackElo "2520"]
[PlyCount "108"]
[EventDate "2015.10.10"]
[EventType "swiss"]
[EventRounds "9"]
[EventCountry "ESP"]
[Source "lmi"]
[SourceDate "2015.10.10"]

1. e4 e6 2. d4 d5 3. Nc3 Nf6 4. Bg5 Be7 5. e5 Nfd7 6. Bxe7 Qxe7 7. f4 O-O 8.
Qh5 c5 9. Nf3 Nc6 10. O-O-O f6 11. Bd3 g6 12. Qh4 c4 13. Be2 b5 14. Qg3 Rb8 15.
h4 b4 16. Nb1 Rf7 17. h5 Nf8 18. hxg6 Nxg6 19. Rh6 Rg7 20. Qh2 Rb7 21. Nbd2 Qf8
22. g3 Nce7 23. exf6 Qxf6 24. Ne5 Nf5 25. Rh3 Nxd4 26. Ndf3 Nxf3 27. Nxf3 b3
28. axb3 cxb3 29. c3 e5 30. Rh5 Bg4 31. fxe5 Qb6 32. Rd4 Qa5 33. Nd2 Bxh5 34.
Qxh5 Qa1+ 35. Nb1 Rbe7 36. Rxd5 Qa4 37. Rd8+ Re8 38. Rxe8+ Qxe8 39. Bc4+ Kh8
40. e6 Qb8 41. Qd5 Ne7 42. Qf3 Qxg3 43. Qf8+ Ng8 44. Bxb3 Qe1+ 45. Bd1 Qxe6 46.
Qf2 Qf6 47. Qe2 Qf4+ 48. Nd2 Nf6 49. Kb1 Rd7 50. Kc2 Rd8 51. b3 Ng4 52. Nf1
Qxf1 53. Qxg4 Qd3+ 54. Kc1 Qd2+ 0-1

[Event "4. Memorial Oliver Gonzalez 2015"]
[Site "Madrid ESP"]
[Date "2015.10.11"]
[Round "2.4"]
[White "Del Rio De Angelis, Salvador G"]
[Black "Plazuelo Pascual, Juan"]
[Result "0-1"]
[WhiteElo "2512"]
[BlackElo "2302"]
[PlyCount "127"]
[EventDate "2015.10.10"]
[EventType "swiss"]
[EventRounds "9"]
[EventCountry "ESP"]
[Source "lmi"]
[SourceDate "2015.10.10"]

1. d4 Nf6 2. Nf3 e6 3. e3 b6 4. Bd3 Bb7 5. O-O d5 6. b3 Bd6 7. c4 O-O 8. Bb2
Nbd7 9. Nc3 a6 10. Rc1 Qe7 11. Nd2 Rfe8 12. Re1 Ba3 13. Bxa3 Qxa3 14. cxd5 exd5
15. Rc2 Qd6 16. Bf5 g6 17. Bh3 Rad8 18. Nf3 c5 19. Nb1 Ne4 20. Qc1 Ndf6 21. Qb2
Bc8 22. Bxc8 Rxc8 23. dxc5 bxc5 24. Rd1 Qb6 25. Nc3 Nxc3 26. Qxc3 Red8 27. Qe5
Qe6 28. Rdc1 Nd7 29. Qf4 Qe7 30. Qa4 Qd6 31. Qa5 h5 32. h3 Rb8 33. Ne1 Rdc8 34.
Nd3 c4 35. Nf4 Rc5 36. Qd2 cxb3 37. axb3 Rxc2 38. Rxc2 Nf6 39. Qd3 a5 40. Ra2
Rc8 41. Rxa5 Rc1+ 42. Kh2 Qc7 43. Ra6 Rc6 44. Rxc6 Qxc6 45. Qd4 Qd6 46. Kg1 g5
47. Nd3 Ne4 48. h4 gxh4 49. Nf4 h3 50. Nxh3 Qa3 51. Qxd5 Qc1+ 52. Kh2 Nd2 53.
Qd8+ Kh7 54. Kg3 Ne4+ 55. Kf4 Qc6 56. Ng5+ Nxg5 57. Qxg5 Qd6+ 58. Qe5 Qh6+ 59.
Kf3 Qg6 60. g3 f5 61. Qd5 h4 62. Kg2 hxg3 63. f3 Qh5 64. Kxg3 0-1

[Event "4. Memorial Oliver Gonzalez 2015"]
[Site "Madrid ESP"]
[Date "2015.10.11"]
[Round "2.5"]
[White "Stillger, Bernhard"]
[Black "Gleizerov, Evgeny"]
[Result "1/2-1/2"]
[WhiteElo "2279"]
[BlackElo "2493"]
[PlyCount "129"]
[EventDate "2015.10.10"]
[EventType "swiss"]
[EventRounds "9"]
[EventCountry "ESP"]
[Source "lmi"]
[SourceDate "2015.10.10"]

1. d4 e6 2. c4 f5 3. Nf3 Nf6 4. Nc3 Bb4 5. Qb3 Qe7 6. g3 b6 7. Bg2 Bb7 8. O-O
Bxc3 9. Qxc3 d6 10. Bg5 Nbd7 11. d5 exd5 12. Nd4 O-O 13. cxd5 Qf7 14. Qxc7 Bxd5
15. Bxf6 Bxg2 16. Kxg2 Qxf6 17. Qxd7 Qxd4 18. Qe6+ Kh8 19. e3 Qxb2 20. Qxd6 h6
21. Rfb1 Qc2 22. Qf4 Rac8 23. Rd1 Rc4 24. Qf3 Rc7 25. a4 Qc3 26. Rab1 Rc4 27.
Rb5 Rc5 28. Rd5 Rxd5 29. Rxd5 Qb4 30. Rxf5 Rxf5 31. Qxf5 Qxa4 32. Qf8+ Kh7 33.
Qf5+ Kg8 34. Qc8+ Kf7 35. Qf5+ Ke7 36. Qe5+ Kd8 37. Qxg7 Qc6+ 38. Kg1 a5 39.
Qd4+ Kc8 40. e4 a4 41. Qb4 Kb7 42. e5 Qc1+ 43. Kg2 a3 44. Qb3 Qc6+ 45. Kh3 Qc5
46. e6 Kc7 47. Qf3 Qe7 48. Qd5 Qd6 49. Qc4+ Kd8 50. f4 b5 51. Qe4 a2 52. Qa8+
Ke7 53. f5 Qd1 54. Qxa2 Kd8 55. Qa8+ Kc7 56. Qa2 Qh5+ 57. Kg2 Qxf5 58. Qa7+ Kd6
59. Qd7+ Kc5 60. Qc7+ Kd4 61. e7 Qe4+ 62. Kh3 Qf5+ 63. Kg2 Qe4+ 64. Kh3 Qf5+
65. Kg2 1/2-1/2

[Event "4. Memorial Oliver Gonzalez 2015"]
[Site "Madrid ESP"]
[Date "2015.10.11"]
[Round "2.6"]
[White "Larino Nieto, David"]
[Black "Mueller-Seps, Monika"]
[Result "1-0"]
[WhiteElo "2474"]
[BlackElo "2266"]
[PlyCount "125"]
[EventDate "2015.10.10"]
[EventType "swiss"]
[EventRounds "9"]
[EventCountry "ESP"]
[Source "lmi"]
[SourceDate "2015.10.10"]

1. b3 e5 2. Bb2 Nc6 3. e3 Nf6 4. Bb5 Bd6 5. Ne2 a6 6. Bxc6 dxc6 7. d3 Qe7 8.
Nd2 Be6 9. a4 h5 10. Nc4 Nd7 11. h4 O-O-O 12. Nxd6+ Qxd6 13. Ba3 c5 14. Qd2 Qc6
15. e4 f5 16. exf5 Bxf5 17. f3 c4 18. bxc4 Nf6 19. Qg5 Bh7 20. Be7 Rdg8 21. a5
Qe6 22. Bc5 Re8 23. O-O Bf5 24. Ng3 g6 25. Bf2 Nd7 26. Rab1 Nb8 27. Rb2 Rh7 28.
Rfb1 c6 29. Qe3 Ree7 30. Qa7 Rd7 31. Bb6 Qd6 32. Rb4 Rdf7 33. Bc5 Qd8 34. Qa8
b5 35. cxb5 cxb5 36. c4 Bxd3 37. Rd1 Rd7 38. Rc1 Qxa5 39. cxb5 Rc7 40. bxa6
Qxb4 41. Bxb4 Rxc1+ 42. Kh2 Bxa6 43. Bd6 Rhc7 44. Bxc7 Rxc7 45. Qe4 Rc6 46.
Qxe5 Nd7 47. Qh8+ Kc7 48. Ne4 Bd3 49. Ng5 Bf5 50. Nf7 Kb6 51. Qd4+ Nc5 52. Qb4+
Ka7 53. Ne5 Rc7 54. Qa5+ Na6 55. Qb5 Nb8 56. g4 hxg4 57. fxg4 Bc2 58. Nc4 Nd7
59. Nd6 Nc5 60. Qa5+ Kb8 61. Qb4+ Nb7 62. Nxb7 Rxb7 63. Qf8+ 1-0

[Event "4. Memorial Oliver Gonzalez 2015"]
[Site "Madrid ESP"]
[Date "2015.10.11"]
[Round "2.7"]
[White "Rodriguez Lopez, Rafael"]
[Black "Drenchev, Petar"]
[Result "0-1"]
[WhiteElo "2275"]
[BlackElo "2465"]
[PlyCount "62"]
[EventDate "2015.10.10"]
[EventType "swiss"]
[EventRounds "9"]
[EventCountry "ESP"]
[Source "lmi"]
[SourceDate "2015.10.10"]

1. e4 c5 2. Nf3 d6 3. d4 cxd4 4. Nxd4 Nf6 5. Nc3 g6 6. Be3 Bg7 7. f3 Nc6 8. Bc4
Bd7 9. Qd2 O-O 10. h4 Ne5 11. Bb3 h5 12. O-O-O Rc8 13. Bg5 Rc5 14. Kb1 b5 15.
g4 a5 16. gxh5 a4 17. h6 Bh8 18. h7+ Nxh7 19. Bd5 b4 20. Nce2 Qe8 21. Nf5 Bxf5
22. exf5 e6 23. fxe6 fxe6 24. Be4 d5 25. Bd3 b3 26. Nd4 Nxd3 27. Qxd3 Bxd4 28.
cxb3 Bg7 29. Be3 d4 30. Bxd4 Rd5 31. Qe4 Qd7 0-1

[Event "4. Memorial Oliver Gonzalez 2015"]
[Site "Madrid ESP"]
[Date "2015.10.11"]
[Round "2.8"]
[White "Petrov, Marian"]
[Black "Prosviriakov, Vladimir"]
[Result "1/2-1/2"]
[WhiteElo "2462"]
[BlackElo "2234"]
[PlyCount "98"]
[EventDate "2015.10.10"]
[EventType "swiss"]
[EventRounds "9"]
[EventCountry "ESP"]
[Source "lmi"]
[SourceDate "2015.10.10"]

1. e4 e5 2. Nf3 Nc6 3. Bc4 d6 4. O-O g6 5. d4 exd4 6. Bg5 Be7 7. Bxe7 Qxe7 8.
Nxd4 Nf6 9. Nc3 O-O 10. Re1 Qe5 11. Nf3 Qc5 12. Bb3 Bg4 13. h3 Bxf3 14. Qxf3
Kg7 15. Rad1 Nd4 16. Qd3 Nxb3 17. axb3 Rfe8 18. g3 Re7 19. Kg2 Rae8 20. f3 a6
21. g4 h5 22. Qd2 h4 23. g5 Nh5 24. Nd5 Re5 25. b4 Qc6 26. Kh2 Kh7 27. Rg1 Qd7
28. Rg4 Qd8 29. Rdg1 c6 30. Nc3 Qb6 31. Rxh4 Qxb4 32. Qf4 R8e7 33. Qc1 Qd4 34.
Rg2 R5e6 35. Ne2 Qe5+ 36. Ng3 Kg8 37. f4 Qd4 38. c3 Qc4 39. f5 Rxe4 40. Rxe4
Rxe4 41. Nxe4 Qxe4 42. fxg6 fxg6 43. Qd2 Qe5+ 44. Kg1 Nf4 45. Rg4 Nd5 46. Rg2
Ne3 47. Qd3 Kh7 48. h4 Nxg2 49. Kxg2 d5 1/2-1/2

[Event "4. Memorial Oliver Gonzalez 2015"]
[Site "Madrid ESP"]
[Date "2015.10.11"]
[Round "2.9"]
[White "Siebarth, Raiko"]
[Black "Perez Mitjans, Orelvis"]
[Result "0-1"]
[WhiteElo "2264"]
[BlackElo "2457"]
[PlyCount "118"]
[EventDate "2015.10.10"]
[EventType "swiss"]
[EventRounds "9"]
[EventCountry "ESP"]
[Source "lmi"]
[SourceDate "2015.10.10"]

1. c4 c5 2. Nc3 g6 3. g3 Bg7 4. Bg2 Nc6 5. e3 Nh6 6. Nge2 Nf5 7. Nf4 d6 8. d3
Bd7 9. h4 h5 10. Rb1 O-O 11. Bd2 Nh6 12. Ne4 Ng4 13. Bc3 e5 14. Nd5 Be6 15. Qe2
Ne7 16. Nxe7+ Qxe7 17. b4 Rab8 18. O-O Bd7 19. bxc5 dxc5 20. Bb2 Rbe8 21. Nc3
b6 22. Nd5 Qd8 23. f3 Nh6 24. e4 g5 25. hxg5 Qxg5 26. Qf2 f5 27. f4 Qg6 28.
fxe5 Ng4 29. Nf4 Qh6 30. Qe2 Bxe5 31. Bxe5 Rxe5 32. Bf3 fxe4 33. Bxe4 h4 34.
Qf3 Rf6 35. Rb2 hxg3 36. Qxg3 Rh5 37. Re2 Rg5 38. Rg2 Qg7 39. Nd5 Rxf1+ 40.
Kxf1 Qa1+ 41. Qe1 Nh2+ 42. Rxh2 Rg1+ 43. Kxg1 Qxe1+ 44. Kg2 Be6 45. Kf3 Qf1+
46. Rf2 Qh3+ 47. Ke2 Qh5+ 48. Kd2 Qe5 49. Nf6+ Kh8 50. Ke2 b5 51. cxb5 c4 52.
Ke3 Qg5+ 53. Ke2 Qxb5 54. dxc4 Qb2+ 55. Kf1 Bxc4+ 56. Kg1 Qd4 57. a4 Bd3 58.
Bc6 Bf5 59. Nd5 Be4 0-1

[Event "4. Memorial Oliver Gonzalez 2015"]
[Site "Madrid ESP"]
[Date "2015.10.11"]
[Round "2.10"]
[White "Rubio Mejia, Luis Ignacio"]
[Black "Fernandez De Bobadilla, Gabrie"]
[Result "1/2-1/2"]
[WhiteElo "2456"]
[BlackElo "2233"]
[PlyCount "72"]
[EventDate "2015.10.10"]
[EventType "swiss"]
[EventRounds "9"]
[EventCountry "ESP"]
[Source "lmi"]
[SourceDate "2015.10.10"]

1. d4 Nf6 2. c4 e6 3. Nc3 Bb4 4. Bg5 h6 5. Bh4 c5 6. d5 d6 7. e3 Bxc3+ 8. bxc3
e5 9. Nf3 Bf5 10. Nd2 g5 11. Bg3 Nbd7 12. Be2 Ne4 13. Nxe4 Bxe4 14. O-O O-O 15.
f3 Bg6 16. f4 f5 17. Bd3 Rf7 18. Qb1 gxf4 19. exf4 e4 20. Be2 Nf8 21. Qe1 Nh7
22. Bh4 Qd7 23. Kh1 Rg7 24. h3 Rf8 25. Rg1 Rff7 26. Qf2 Qe8 27. Qe3 Nf8 28. g4
Kh7 29. Rg2 Nd7 30. Rag1 Qf8 31. Kh2 fxg4 32. Bxg4 Rxf4 33. Bg3 Rf6 34. Bh4 Rf4
35. Bg3 Rf6 36. Bh4 Rf4 1/2-1/2

[Event "4. Memorial Oliver Gonzalez 2015"]
[Site "Madrid ESP"]
[Date "2015.10.11"]
[Round "2.11"]
[White "Moreno Ruiz, Javier"]
[Black "Avendano Mateos, Jose"]
[Result "1-0"]
[WhiteElo "2430"]
[BlackElo "2023"]
[PlyCount "38"]
[EventDate "2015.10.10"]
[EventType "swiss"]
[EventRounds "9"]
[EventCountry "ESP"]
[Source "lmi"]
[SourceDate "2015.10.10"]

1. e4 c5 2. Nc3 d6 3. f4 Nc6 4. Nf3 g6 5. Bc4 e6 6. O-O Na5 7. Bb5+ Bd7 8.
Bxd7+ Qxd7 9. d4 cxd4 10. Qxd4 f6 11. Be3 Nc6 12. Qd3 Nh6 13. Rad1 Nf7 14. f5
Be7 15. fxe6 Qxe6 16. Nd5 Rc8 17. Nd4 Nxd4 18. Bxd4 Ne5 19. Qb3 O-O 1-0

[Event "4. Memorial Oliver Gonzalez 2015"]
[Site "Madrid ESP"]
[Date "2015.10.11"]
[Round "2.12"]
[White "Garcia Martin, Marta"]
[Black "Aryan, Chopra"]
[Result "0-1"]
[WhiteElo "2113"]
[BlackElo "2430"]
[PlyCount "126"]
[EventDate "2015.10.10"]
[EventType "swiss"]
[EventRounds "9"]
[EventCountry "ESP"]
[Source "lmi"]
[SourceDate "2015.10.10"]

1. e4 e5 2. Nf3 Nc6 3. Bb5 a6 4. Ba4 Nf6 5. O-O b5 6. Bb3 Bc5 7. d3 d6 8. c3 h6
9. Re1 O-O 10. h3 Bb6 11. a4 Rb8 12. Nbd2 Ne7 13. Nf1 Ng6 14. Ng3 Re8 15. Nh2
Be6 16. Bxe6 fxe6 17. axb5 axb5 18. Be3 Rf8 19. d4 Qe7 20. Qb3 Qf7 21. Nf3 Nd7
22. Rad1 Nf4 23. Bxf4 exf4 24. Nf1 Kh8 25. N1h2 Rg8 26. Rd2 g5 27. e5 d5 28.
Ng4 Rg6 29. Nf6 c6 30. Qc2 Nxf6 31. exf6 Rxf6 32. Ne5 Qe8 33. Rde2 Bc7 34. f3
Bxe5 35. Rxe5 Qf7 36. Qe2 Re8 37. Kf2 Kg7 38. b3 Qa7 39. h4 gxh4 40. b4 Qf7 41.
Rh1 Qg6 42. Rh3 Ra8 43. Qe1 Ra2+ 44. Re2 Rxe2+ 45. Qxe2 Qg5 46. Kg1 Rg6 47. Qf2
h5 48. Rxh4 Kf6 49. Rh2 Rg8 50. Qa2 Qf5 51. Kf2 Qd3 52. Qe2 Qxe2+ 53. Kxe2 Kg5
54. Rh1 Ra8 55. Re1 Ra2+ 56. Kf1 Kf6 57. Rc1 e5 58. dxe5+ Kxe5 59. Kg1 Kd6 60.
Kh2 c5 61. bxc5+ Kxc5 62. Rd1 Ra3 63. Rd3 Kc6 0-1

[Event "4. Memorial Oliver Gonzalez 2015"]
[Site "Madrid ESP"]
[Date "2015.10.11"]
[Round "2.13"]
[White "Valles Moreno, Ivan"]
[Black "Vukotic Jovsic, Dragan"]
[Result "1-0"]
[WhiteElo "2417"]
[BlackElo "1931"]
[PlyCount "91"]
[EventDate "2015.10.10"]
[EventType "swiss"]
[EventRounds "9"]
[EventCountry "ESP"]
[Source "lmi"]
[SourceDate "2015.10.10"]

1. e4 e6 2. d4 d5 3. Nc3 Bb4 4. e5 c5 5. a3 Bxc3+ 6. bxc3 Qc7 7. Qg4 Ne7 8.
Qxg7 Rg8 9. Qxh7 cxd4 10. Ne2 Nbc6 11. f4 dxc3 12. h4 Bd7 13. h5 O-O-O 14. Qd3
d4 15. h6 Be8 16. h7 Rh8 17. Rh6 Qb6 18. Ng3 Nd5 19. Ne4 Nce7 20. Ng5 a6 21.
Qc4+ Kb8 22. Bd3 Bb5 23. Qb3 Rdf8 24. a4 Bxd3 25. Qxb6 Nxb6 26. cxd3 Nf5 27.
Rh3 f6 28. Nxe6 Re8 29. g4 Rxe6 30. gxf5 Re7 31. Kf2 Nd5 32. Kf3 Kc8 33. Ke4
Nb4 34. Ba3 a5 35. Rah1 c2 36. e6 Rc7 37. Kxd4 Na2 38. Ke3 c1=Q+ 39. Bxc1 Nxc1
40. Rg1 Rcxh7 41. Rxc1+ Kd8 42. Rxh7 Rxh7 43. Ke4 Rh2 44. Kd5 Rf2 45. Kd6 Re2
46. Rh1 1-0

[Event "4. Memorial Oliver Gonzalez 2015"]
[Site "Madrid ESP"]
[Date "2015.10.11"]
[Round "2.14"]
[White "Cabanas Bravo, Juan Andres"]
[Black "Starostits, Ilmars"]
[Result "0-1"]
[WhiteElo "2042"]
[BlackElo "2404"]
[PlyCount "88"]
[EventDate "2015.10.10"]
[EventType "swiss"]
[EventRounds "9"]
[EventCountry "ESP"]
[Source "lmi"]
[SourceDate "2015.10.10"]

1. e4 c6 2. d4 d5 3. f3 e6 4. Nc3 Bb4 5. Nge2 Nf6 6. a3 Ba5 7. b4 Bc7 8. Bg5 h6
9. Bh4 dxe4 10. Nxe4 Nbd7 11. c4 a5 12. N2c3 Qe7 13. c5 g5 14. Bg3 Bxg3+ 15.
hxg3 Nd5 16. b5 Nxc3 17. Nxc3 Nf6 18. Kf2 Bd7 19. a4 Rd8 20. Qd2 Kf8 21. Bc4
Bc8 22. Rad1 Kg7 23. Na2 e5 24. Rhe1 Rhe8 25. Nc1 Qf8 26. Qxa5 exd4 27. Rxe8
Rxe8 28. bxc6 bxc6 29. Qb6 Qe7 30. Qxc6 Bb7 31. Qd6 Qe3+ 32. Kf1 Bxf3 33. Qxd4
Bxd1 34. Qxe3 Rxe3 35. Bb5 Rc3 36. Ne2 Bxe2+ 37. Kxe2 Rxc5 38. Kd3 h5 39. Kd4
Rc2 40. a5 Rxg2 41. a6 Rxg3 42. Kc5 Ra3 43. Kb4 Ra1 44. Ba4 Nd5+ 0-1

[Event "4. Memorial Oliver Gonzalez 2015"]
[Site "Madrid ESP"]
[Date "2015.10.11"]
[Round "2.15"]
[White "Rojas Pozo, Jose Luis"]
[Black "Roa Alonso, Santiago"]
[Result "0-1"]
[WhiteElo "2002"]
[BlackElo "2382"]
[PlyCount "37"]
[EventDate "2015.10.10"]
[EventType "swiss"]
[EventRounds "9"]
[EventCountry "ESP"]
[Source "lmi"]
[SourceDate "2015.10.10"]

1. d4 Nf6 2. Nf3 e6 3. c4 c5 4. e3 d5 5. Nc3 Nc6 6. Be2 cxd4 7. exd4 dxc4 8.
Bxc4 Bb4 9. O-O O-O 10. Bg5 Be7 11. Qd2 Nd5 12. Bxe7 Ncxe7 13. Rfd1 b6 14. Rac1
Bb7 15. Ne4 Nf5 16. Ng3 Nh4 17. Be2 h6 18. Nxh4 Qxh4 19. Rc7 0-1

[Event "4. Memorial Oliver Gonzalez 2015"]
[Site "Madrid ESP"]
[Date "2015.10.11"]
[Round "2.16"]
[White "Taboas Rodriguez, Daniel"]
[Black "Lianes Garcia, Marcos"]
[Result "1-0"]
[WhiteElo "2394"]
[BlackElo "2099"]
[PlyCount "99"]
[EventDate "2015.10.10"]
[EventType "swiss"]
[EventRounds "9"]
[EventCountry "ESP"]
[Source "lmi"]
[SourceDate "2015.10.10"]

1. d4 Nf6 2. c4 e6 3. Nf3 d5 4. Bg5 c6 5. e3 Bd6 6. Nc3 O-O 7. Bd3 dxc4 8. Bxc4
Nbd7 9. O-O h6 10. Bh4 Re8 11. Rc1 a6 12. Bb3 Nf8 13. e4 Be7 14. e5 Nd5 15.
Bxe7 Qxe7 16. Ne4 Rd8 17. Nfd2 Nb6 18. Nd6 Rxd6 19. exd6 Qxd6 20. Ne4 Qf4 21.
Re1 Nd5 22. Qd2 Qxd2 23. Nxd2 Bd7 24. Nc4 Rd8 25. Nd6 Bc8 26. Nxc8 Rxc8 27.
Bxd5 exd5 28. Re7 Rb8 29. Rc3 Ne6 30. Rb3 b6 31. Rf3 Rf8 32. Rd3 Rb8 33. g3 a5
34. f4 g6 35. Kf2 Rc8 36. Rb7 b5 37. Ke3 c5 38. Rxb5 Nxd4 39. Rxa5 Re8+ 40. Kd2
Re2+ 41. Kc1 Rxh2 42. Rxc5 Ne2+ 43. Kd1 Ng1 44. Rc2 Rh1 45. Rc8+ Kg7 46. Rxd5
g5 47. fxg5 Nf3+ 48. Kc2 Rh2+ 49. Kb3 Nxg5 50. a4 1-0